Los poemas de Juan de Leceta / (Record no. 43158)

MARC details
000 -LEADER
campo de control de longitud fija 00622nam a2200205 i 4500
001 - NÚMERO DE CONTROL
campo de control 43158
003 - IDENTIFICADOR DE NÚMERO DE CONTROL
campo de control ES-MaACL
005 - FECHA Y HORA DE LA ÚLTIMA TRANSACCIÓN
campo de control 20240426063022.0
007 - CAMPO FIJO DE DESCRIPCIÓN FÍSICA--INFORMACIÓN GENERAL
campo de control de longitud fija t|
008 - DATOS DE LONGITUD FIJA--INFORMACIÓN GENERAL
campo de control de longitud fija 030317s1961 sp ||||1| spa d
100 1# - ENTRADA PRINCIPAL--NOMBRE DE PERSONA
Nombre de persona Celaya, Gabriel,
Fechas asociadas al nombre 1911-1991
9 (RLIN) 37346
245 14 - MENCIÓN DEL TÍTULO
Título Los poemas de Juan de Leceta /
Mención de responsabilidad, etc. Gabriel Celaya.
260 ## - PUBLICACIÓN, DISTRIBUCIÓN, ETC.
Lugar de publicación, distribución, etc. Barcelona :
Nombre del editor, distribuidor, etc. Salinas :
-- Seix Barral,
Fecha de publicación, distribución, etc. [1961]
300 ## - DESCRIPCIÓN FÍSICA
Extensión 122 p. ;
Dimensiones 19 cm.
490 1# - MENCIÓN DE SERIE
Mención de serie El bardo, colección de poesía ;
Designación de volumen o secuencia 107
830 ## - PUNTO DE ACCESO ADICIONAL DE SERIE-TÍTULO UNIFORME
9 (RLIN) 235922
Título uniforme El Bardo (Batlló, José) ;
Designación de volumen o secuencia 107
852 ## - LOCALIZACIÓN
Ubicación ES-MaACL
Número de control de estantería C-21210
Sublocalización o colección R.49734
942 ## - ELEMENTOS DE ENTRADA SECUNDARIOS (KOHA)
Fuente del sistema de clasificación o colocación Clasificación decimal universal
Holdings
Estatus retirado Estado de pérdida Estado de daño No para préstamo Biblioteca de origen Biblioteca actual Ubicación en estantería Fecha de adquisición Fuente de adquisición Total de préstamos Signatura topográfica completa Código de barras Visto por última vez Precio de reemplazo Tipo de ítem Koha
        Biblioteca del Ateneo de Madrid Biblioteca del Ateneo de Madrid Galería 17/01/2008     C-21210 1045428 23/02/2023 23/02/2023 Libro impreso